MyGZULibrary

International humanitarian law and terrorism / (Record no. 8709)

MARC details
000 -LEADER
fixed length control field 01628cam a2200373 a 4500
001 - CONTROL NUMBER
control field 17000357
003 - CONTROL NUMBER IDENTIFIER
control field GZU
005 - DATE AND TIME OF LATEST TRANSACTION
control field 20210524121919.0
008 - FIXED-LENGTH DATA ELEMENTS--GENERAL INFORMATION
fixed length control field 111014s2011 enk b 001 0 eng c
010 ## - LIBRARY OF CONGRESS CONTROL NUMBER
LC control number 2011290579
016 7# - NATIONAL BIBLIOGRAPHIC AGENCY CONTROL NUMBER
Record control number 015706965
Source Uk
020 ## - INTERNATIONAL STANDARD BOOK NUMBER
International Standard Book Number 9781849461375
020 ## - INTERNATIONAL STANDARD BOOK NUMBER
International Standard Book Number 1849461376
035 ## - SYSTEM CONTROL NUMBER
System control number (OCoLC)ocn687704885
040 ## - CATALOGING SOURCE
Original cataloging agency BTCTA
Language of cataloging eng
Transcribing agency BTCTA
Modifying agency YDXCP
-- BOP
-- YLS
-- BWK
-- NLE
-- CDX
-- RCJ
-- BWX
-- ERASA
-- UKMGB
-- DLC
042 ## - AUTHENTICATION CODE
Authentication code pcc
050 00 - LIBRARY OF CONGRESS CALL NUMBER
Classification number KF4750 BIA 2011
Item number .B53 2011
100 1# - MAIN ENTRY--PERSONAL NAME
Personal name Bianchi, Andrea,
Dates associated with a name 1963 July 4-
245 10 - TITLE STATEMENT
Title International humanitarian law and terrorism /
Statement of responsibility, etc. Andrea Bianchi and Yasmin Naqvi.
260 ## - PUBLICATION, DISTRIBUTION, ETC.
Place of publication, distribution, etc. Oxford ;
-- Portland, Or. :
Name of publisher, distributor, etc. Hart,
Date of publication, distribution, etc. 2011.
300 ## - PHYSICAL DESCRIPTION
Extent l, 403 p. ;
Dimensions 24 cm.
490 1# - SERIES STATEMENT
Series statement Studies in international law ;
Volume/sequential designation v. 34
500 ## - GENERAL NOTE
General note Includes index.
504 ## - BIBLIOGRAPHY, ETC. NOTE
Bibliography, etc. note Includes bibliographical references and index.
505 0# - FORMATTED CONTENTS NOTE
Formatted contents note The changing phenomenology of war and terrorism -- International armed conflicts -- Non-international armed conflicts -- Conduct of hostilities and terrorist and counter-terrorist acts -- Individual criminal responsibility for acts of terror or terrorism -- Status, detention and treatment of terrorist suspects -- Scope for revision of IHL for the regulation of terrorism and terrorist acts.
650 #0 - SUBJECT ADDED ENTRY--TOPICAL TERM
Topical term or geographic name entry element Humanitarian law.
650 #0 - SUBJECT ADDED ENTRY--TOPICAL TERM
Topical term or geographic name entry element Terrorism (International law)
650 #0 - SUBJECT ADDED ENTRY--TOPICAL TERM
Topical term or geographic name entry element War crimes.
700 1# - ADDED ENTRY--PERSONAL NAME
Personal name Naqvi, Yasmin.
830 #0 - SERIES ADDED ENTRY--UNIFORM TITLE
Uniform title Studies in international law (Oxford, England) ;
Volume/sequential designation v. 34.
906 ## - LOCAL DATA ELEMENT F, LDF (RLIN)
a 7
b cbc
c pccadap
d 2
e ncip
f 20
g y-gencatlg
942 ## - ADDED ENTRY ELEMENTS (KOHA)
Source of classification or shelving scheme Library of Congress Classification
Koha item type Books
Classification part 4750
Item part BIA
Call number prefix KF
Holdings
Withdrawn status Lost status Damaged status Not for loan Collection code Home library Current library Shelving location Date acquired Total Checkouts Full call number Barcode Date last seen Copy number Price effective from Koha item type
        Non-fiction Law Library Law Library General Stacks 05/24/2021   KF4750 BIA 2011 022662 05/24/2021 c.1 05/24/2021 Books